| Поле | Название | Значение |
| |
Тип записи |
a |
| |
Библиографический уровень |
m |
| 001 |
Контрольный номер |
RU/URAIT/588370 |
| 005 |
Дата корректировки |
20260429163715.0 |
| 008 |
Кодируемые данные |
260429s2026 RU y f j 000 0 rus u |
| 020 |
Индекс ISBN |
__ |
| a |
ISBN |
978-5-534-18632-1 |
| c |
Цена, тираж |
1689.00 |
| 040 |
Источник каталогиз. |
__ |
| a |
Служба первич. каталог. |
ИКО Юрайт |
| c |
Служба, преобразующая запись |
ИКО Юрайт |
| e |
Правила каталог. |
RCR |
| 041 |
Код языка издания |
__ |
| a |
Код языка текста |
rus |
| 044 |
Код страны публикации |
__ |
| a |
Код страны публикации |
RU |
| 080 |
Индекс УДК |
__ |
| a |
Индекс УДК |
00(075.8) |
| 084 |
Индекс другой классификации/Индекс ББК |
__ |
| 2 |
Источник индекса |
rubbk |
| a |
Индекс другой классификации/Индекс ББК |
71я73 |
| 100 |
Автор |
__ |
| a |
Автор |
Бартош А. А. |
| q |
Полное имя |
Бартош Александр Александрович |
| 245 |
Заглавие |
__ |
| a |
Заглавие |
Стратегическая культура |
| b |
Продолж. заглавия |
учебник для вузов |
| c |
Ответственность |
А. А. Бартош. |
| 250 |
Сведения об издании |
__ |
| g |
|
пер. и доп |
| a |
Основные сведения об издании |
2-е изд. |
| 256 |
Характеристики компьютерного файла |
__ |
| a |
Характеристики компьютерного файла |
Электрон. дан. |
| 260 |
Выходные данные |
__ |
| a |
Место издания |
Москва |
| b |
Издательство |
Юрайт |
| c |
Дата издания |
2026 |
| 300 |
Физическое описание |
__ |
| a |
Объем |
315 с |
| 440 |
Серия |
__ |
| a |
Серия |
Высшее образование |
| 500 |
Примечания |
__ |
| a |
Примечание |
URL: https://urait.ru/bcode/588370 (дата обращения: 29.04.2026). |
| 520 |
Аннотация |
__ |
| a |
Аннотация |
В курсе изложены вопросы становления и развития концепта стратегической культуры (СК) с середины ХХ в. и до наших дней. Показана методология учета особенностей СК государств и их коалиций в процессе выполнения политиками, дипломатами и военными международно-политического анализа реалий современного мира и выработки стратегический решений. Отражены влияние на трансформацию СК радикальных изменений системы обеспечения международной безопасности и отношений между государствами после окончания холодной войны, взглядов на использование военной силы в связи с появлением новых видов конфликтов XXI в. — гибридной войны и цветной революции, развития технологий «управляемого хаоса», новых рисков и угроз современности. Разработана матрица стратегической культуры как инструмент военно-политического анализа, даны рекомендации по ее использованию при стратегическом прогнозировании и планировании внешней политики. Проведен сопоставительный анализ СК России, США, Китая, а также НАТО и ЕС. Предложены вопросы для работы в форме очного и дистанционного обучения. Соответствует актуальным требованиям федерального государственного образовательного стандарта высшего образования. Для студентов, магистров, аспирантов, также может представлять интерес для работников федеральных органов, исследовательских и общественных организаций, специалистов, занимающихся вопросами обеспечения международной и национальной безопасности, разработки внешней и оборонной политики, военного строительства. |
| 538 |
Прим. о системных особенностях |
__ |
| a |
Прим. о системных особенностях |
Режим доступа: Электронно-библиотечная система Юрайт, для авториз. пользователей |
| 653 |
Ключевые слова |
__ |
| a |
Ключевые слова |
Мировая политика и международные отношения |
| 653 |
Ключевые слова |
__ |
| a |
Ключевые слова |
Общественные науки |
| 653 |
Ключевые слова |
__ |
| a |
Ключевые слова |
Геополитика |
| 653 |
Ключевые слова |
__ |
| a |
Ключевые слова |
Основы геополитики |
| 653 |
Ключевые слова |
__ |
| a |
Ключевые слова |
Стратегическая культура |
| 653 |
Ключевые слова |
__ |
| a |
Ключевые слова |
Сравнительные стратегические культуры |
| 653 |
Ключевые слова |
__ |
| a |
Ключевые слова |
Геополитика и международное право |
| 856 |
Электронный адрес документа |
40 |
| n |
Местонахождение сервера |
Юрайт |
| g |
|
Электронная книга |
| q |
Тип электронного формата |
html |
| h |
Имя пользователя |
ЮРАЙТ |
| v |
Часы доступа к ресурсу |
20271231 |
| 2 |
Способ доступа |
Показать документ |
| x |
Служебное примечание |
https://urait.ru/book/cover/FD4E631B-94A6-48B8-BC9F-502B4FD8855D |
| u |
URL |
https://urait.ru/bcode/588370 |
| 856 |
Электронный адрес документа |
48 |
| q |
Тип электронного формата |
cover |
| u |
URL |
https://urait.ru/book/cover/FD4E631B-94A6-48B8-BC9F-502B4FD8855D |
| 911 |
|
__ |
| u |
|
0030=https://urait.ru/bcode/588370 |
| 911 |
|
__ |
| u |
|
073a=9785534186321 |
| u |
|
073d=1689.00 |
| 911 |
|
__ |
| u |
|
106a=s |
| 911 |
|
__ |
| u |
|
900l= |
| 952 |
Тип литературы |
__ |
| i |
Дисциплина |
Геополитика |
| 952 |
Тип литературы |
__ |
| i |
Дисциплина |
Основы геополитики |
| 952 |
Тип литературы |
__ |
| i |
Дисциплина |
Стратегическая культура |
| 952 |
Тип литературы |
__ |
| i |
Дисциплина |
Сравнительные стратегические культуры |
| 952 |
Тип литературы |
__ |
| i |
Дисциплина |
Геополитика и международное право |